[Event "Bad Woerishofen op"]
[Site "?"]
[Date "2001.??.??"]
[Round "1"]
[White "Zunker, Reinhard"]
[Black "Spieker, Hans-Joachim"]
[Result "1-0"]
[WhiteElo "2234"]
[BlackElo "1846"]
[Annotator "ChessOrg"]
[PlyCount "103"]
[EventDate "2000.??.??"]

1. e4 {B75: Sizilianisch (Moderne Drachen-Variante)} 1... c5 2. Nf3 d6 3. d4
cxd4 4. Nxd4 Nf6 5. Nc3 g6 6. Be3 Bg7 7. f3 Nc6 8. Qd2 Bd7 9. g4 h5 10. g5 Nh7
11. h4 {letzter Buchzug} 11... a6 12. O-O-O Qc7 (12... Qa5 $5 $11 $142) 13. Nd5
$16 13... Qd8 14. Nxc6 bxc6 (14... Bxc6 $2 15. Bb6 Qb8 16. Nc7+ Kf8 17. Bc4 $18
) 15. Bb6 Rb8 16. Qa5 Bxb2+ 17. Kd2 Rxb6 18. Qxb6 Qxb6 19. Nxb6 Be6 20. Bc4 (
20. c3 $5 20... Ba3 21. Bxa6 $18) 20... Bd4 $16 21. Rb1 Nf8 22. Kd3 Bxc4+ (
22... Bxb6 23. Bxe6 Bc7 24. Bc4 $16) 23. Nxc4 Ne6 24. Rb8+ Kd7 25. Rxh8 (25.
Rb7+ $5 $142 25... Ke8 26. Na5 $16) 25... Bxh8 $11 26. c3 Nc5+ 27. Kd2 Ke6 28.
Rb1 Na4 29. Rb3 d5 30. exd5+ cxd5 31. Nb2 Nxb2 (31... Bxc3+ $5 32. Rxc3 Nxb2
33. Rc6+ Ke5 34. Rxa6 Nc4+ 35. Ke2 35... Nd6 $16) 32. Rxb2 $16 32... Be5 33.
Rb6+ Kd7 34. Rxa6 Bg3 35. Ra4 f6 36. gxf6 exf6 37. Ke2 g5 38. hxg5 fxg5 39. Rd4
Kc6 40. c4 dxc4 41. Rxc4+ Kb5 42. Rc8 Kb4 43. Kf1 h4 44. Rf8 Ka3 (44... h3 $5
$18 $142) 45. Rf5 Kxa2 (45... Bf4 46. Rxf4 gxf4 47. Kg2 $18) 46. Rxg5 Kb3 (
46... Bc7 $18) 47. Rxg3 hxg3 48. Kg2 Kc4 49. Kxg3 Kd5 50. Kf4 Ke6 51. Kg5 Kf7
52. Kf5 (52. Kf5 Kg7 53. Ke6 $18) 1-0

[Event "Bad Woerishofen op"]
[Site "Bad Woerishofen"]
[Date "2001.??.??"]
[Round "3"]
[White "Zunker, Reinhard"]
[Black "Horvath, Peter"]
[Result "1/2-1/2"]
[WhiteElo "2234"]
[BlackElo "2396"]
[Annotator "ChessOrg"]
[PlyCount "31"]
[EventDate "1998.03.05"]
[Source "ChessBase"]
[SourceDate "1998.04.29"]

1. e4 {B32: Sizilianisch (Loewenthal-Variante)} 1... c5 2. Nf3 Nc6 3. d4 cxd4
4. Nxd4 e5 5. Nb5 d6 6. Be3 Be7 7. N1c3 7... a6 {letzter Buchzug} 8. Nd5 Rb8 9.
Nbc7+ Kf8 10. Bb6 Qd7 11. Bc4 Nf6 12. Qd3 Bd8 13. O-O-O Nxd5 14. Nxd5 (14. exd5
Nd4 (14... Bxc7 $6 15. dxc6 Qxc6 16. Bxc7 Qxc7 17. Qxd6+ Qxd6 18. Rxd6 $14) 15.
Ne6+ fxe6 16. dxe6 Nxe6 17. Bxe6 Bg5+ (17... Qxe6 $143 18. Bxd8 Kf7 19. Bc7 $16
) 18. Be3 Bxe3+ (18... Qxe6 $143 19. Bxg5 Kf7 20. Qxd6 Qxd6 21. Rxd6 $16) 19.
Qxe3 19... Qxe6 $14) 14... h5 15. g3 Rh6 16. Be3 1/2-1/2

[Event "Bad Woerishofen op"]
[Site "Bad Woerishofen"]
[Date "2001.??.??"]
[Round "4"]
[White "Zunker, Reinhard"]
[Black "Pirrot, Dieter"]
[Result "0-1"]
[WhiteElo "2234"]
[BlackElo "2445"]
[Annotator "ChessOrg"]
[PlyCount "69"]
[EventDate "1998.03.05"]
[Source "ChessBase"]
[SourceDate "1998.04.29"]

1. e4 {C63: Spanische Partie (Jaenisch-Gambit)} 1... e5 2. Nf3 Nc6 3. Bb5 f5 4.
Nc3 fxe4 5. Nxe4 d5 6. Nxe5 dxe4 7. Nxc6 Qd5 8. c4 Qd6 9. Qh5+ g6 10. Qe5+ Qxe5
11. Nxe5+ c6 12. Ba4 Bg7 13. d4 exd3 14. O-O Bxe5 15. Re1 {letzter Buchzug}
15... Kf7 16. Rxe5 Nf6 17. f3 (17. Bb3 17... Be6 $11) 17... Be6 $15 18. Bb3 a5
19. a3 a4 20. Ba2 Rhe8 21. Re3 (21. Bg5 21... b5 $15) 21... Rad8 22. Bd2 b5 23.
Rxe6 Kxe6 24. cxb5+ Kd6 25. Bg5 Ke5 (25... d2 $5 26. Bxd2 26... cxb5 $11) 26.
g4 $14 26... cxb5 27. f4+ Ke4 28. Bxf6 d2 29. Bxd8 Rxd8 30. Rd1 Ke3 31. f5 Ke2
32. Rxd2+ Kxd2 33. Be6 (33. fxg6 hxg6 34. h4 $19) 33... Kc2 34. fxg6 (34. Kf2
Kxb2 35. Ke3 35... Kxa3 $19) 34... hxg6 35. Bf7 0-1

[Event "Bad Woerishofen op"]
[Site "Bad Woerishofen"]
[Date "2001.??.??"]
[Round "7"]
[White "Zunker, Reinhard"]
[Black "Sakkal, Cherin"]
[Result "0-1"]
[WhiteElo "2234"]
[BlackElo "1884"]
[Annotator "ChessOrg"]
[PlyCount "52"]
[EventDate "1998.03.05"]
[Source "ChessBase"]
[SourceDate "1998.04.29"]

1. e4 {C42: Russische Verteidigung (Petrow)} 1... e5 2. Nf3 Nf6 3. Qe2 3... Bc5
{letzter Buchzug} 4. h3 (4. Nxe5 $5 4... O-O 5. Nc3 $14) 4... O-O 5. d3 Nc6 6.
c3 d5 7. Bg5 dxe4 8. dxe4 a5 9. Nbd2 a4 10. Nc4 Qe7 11. Ne3 Qe6 12. Qc2 Ne8 13.
Bc4 Qg6 14. Nf5 (14. O-O-O h6 15. Bh4 15... Nd6 $11) 14... Nd6 15. Bd3 (15.
Nxd6 $5 15... Bxd6 16. O-O-O $11) 15... f6 $17 16. N5h4 Qe8 17. Bd2 Be6 (17...
g5 $5 18. O-O-O $19) 18. O-O g5 19. b4 (19. Bxg5 $5 19... fxg5 20. Nxg5 $17)
19... axb3 $19 20. axb3 Rxa1 21. Rxa1 gxh4 22. b4 Bb6 23. c4 $2 (23. Bh6 $142
23... Rf7 24. Nxh4 $19) 23... Nd4 24. Nxd4 Bxd4 (24... exd4 $143 25. c5 $14)
25. Ra3 c5 (25... f5 26. exf5 Bxf5 27. Bxf5 Nxf5 28. Be1 $19) 26. Be2 $2 (26.
Bh6 Rf7 27. bxc5 Bxc5 28. Ra2 $19) 26... Qg6 (26... Qg6 27. bxc5 27... Nxe4 $19
(27... Qxe4 28. Bd3 Qc6 29. Bxh7+ Kh8 30. cxd6 $11)) 0-1

[Event "Bad Woerishofen op"]
[Site "Bad Woerishofen"]
[Date "2001.??.??"]
[Round "9"]
[White "Zunker, Reinhard"]
[Black "Mijatovic, Vladimir"]
[Result "1-0"]
[WhiteElo "2234"]
[BlackElo "1734"]
[Annotator "ChessOrg"]
[PlyCount "53"]
[EventDate "1998.03.05"]
[Source "ChessBase"]
[SourceDate "1998.04.29"]

1. e4 {B51: Sizilianisch (Rossolimo-Variante)} 1... c5 2. Nf3 d6 3. Bb5+ Nd7 4.
O-O a6 5. Bxd7+ Bxd7 6. d4 cxd4 7. Nxd4 {letzter Buchzug} 7... Nf6 8. Re1 e6 9.
a4 Qc7 10. Nc3 Be7 11. Bg5 Bc6 12. b4 O-O 13. Rb1 Bd7 14. Rb3 Qc4 15. Re3 b5
16. Ncxb5 Bxb5 17. Rec3 Qf1+ 18. Qxf1 Bxf1 19. Kxf1 19... Nxe4 $2 (19... Bd8
$142 20. Bxf6 20... Bxf6 $16) 20. Bxe7 $18 20... Rfe8 21. Nc6 (21. Rc7 Nd2+ 22.
Ke2 Nxb3 23. cxb3 Rec8 24. Bxd6 Rxc7 25. Bxc7 25... Kf8 $18) 21... Nxc3 22.
Rxc3 d5 23. f4 Rac8 24. Bd6 Kh8 25. b5 axb5 26. axb5 Red8 (26... d4 27. Rc4 Ra8
28. b6 (28. Rxd4 $143 28... Ra2 $18) 28... Ra1+ 29. Kf2 $18) 27. Nxd8 (27. Nxd8
Rxc3 28. b6 Rxc2 29. b7 $18) 1-0

[Event "Bad Woerishofen op"]
[Site "?"]
[Date "2001.??.??"]
[Round "1"]
[White "van Hoolandt, Patrick"]
[Black "Schmitt, Karl"]
[Result "1-0"]
[WhiteElo "2211"]
[BlackElo "1802"]
[Annotator "ChessOrg"]
[PlyCount "89"]
[EventDate "2000.??.??"]

1. c4 {A26: Englische Eroeffnung (Sizilianisch im Anzug)} 1... e5 2. g3 Nc6 3.
Bg2 g6 4. Nc3 Bg7 5. d3 d6 6. Rb1 Be6 7. b4 Qd7 8. b5 Nd8 9. Nd5 9... f5 {
letzter Buchzug} 10. Qb3 h6 11. f4 Nf6 12. Nxf6+ Bxf6 13. Bb2 O-O 14. Nf3 Qg7
15. e3 Kh7 16. h4 Re8 17. Ng5+ Bxg5 (17... Kh8 $5 $11) 18. hxg5 $16 18... h5
19. Kf2 Qe7 20. Rhe1 (20. fxe5 $143 20... dxe5 21. Qa3 21... Bc8 $11) 20... Bd7
21. c5 e4 22. dxe4 fxe4 23. Bf6 Qf7 24. cxd6 cxd6 25. Bxd8 Qxb3 26. Rxb3 Raxd8
27. Rd1 Bg4 28. Rd4 d5 29. Rb2 Be6 30. Rbd2 Rc8 31. Ra4 Rc5 32. Bf1 (32. Rxa7
Rxb5 33. a4 33... Rb1 $14) 32... Ra8 $11 33. Rb2 b6 34. Be2 Bd7 35. Ra3 Rc7 36.
Rd2 Be6 37. Ke1 Rac8 38. Bd1 Kg8 39. Bb3 Rd8 (39... Rc1+ $5 40. Rd1 R1c3 41.
Bxd5 Bxd5 42. Rxc3 Rxc3 43. Rxd5 Rxe3+ 44. Kf2 Rf3+ 45. Kg2 45... Ra3 $11) 40.
Ra4 $14 40... Rdd7 (40... Kf7 $5 $14 $142) 41. Rxe4 $1 $18 41... Kf7 (41...
dxe4 42. Rxd7 $18) 42. Re5 Rc5 43. e4 Rxb5 (43... Rc1+ 44. Kf2 44... Bh3 $18)
44. exd5 (44. Bxd5 $6 44... Bxd5 45. exd5 45... Rc5 $16) 44... Bf5 45. d6+ (45.
d6+ Rxb3 46. axb3 $18) 1-0

[Event "Bad Woerishofen op"]
[Site "Bad Woerishofen"]
[Date "2001.??.??"]
[Round "3"]
[White "van Hoolandt, Patrick"]
[Black "Wissinger, Peter"]
[Result "1-0"]
[WhiteElo "2211"]
[BlackElo "1965"]
[Annotator "ChessOrg"]
[PlyCount "49"]
[EventDate "1998.03.05"]
[Source "ChessBase"]
[SourceDate "1998.04.29"]

1. c4 {A13: Reti-Eroeffnung} 1... e6 2. Nf3 f5 3. b3 Nf6 4. Bb2 Be7 5. g3 5...
b6 {letzter Buchzug} 6. Bg2 Bb7 7. O-O O-O 8. d3 d6 9. e4 Qc8 10. exf5 exf5 11.
Re1 Bd8 12. Nc3 (12. Nd4 Bxg2 13. Kxg2 13... c6 $14) 12... a5 (12... f4 13. d4
$14) 13. Ne2 Nbd7 14. Ned4 Nc5 15. a3 Re8 16. Qd2 g6 17. Qc3 Qd7 18. Rxe8+ Qxe8
19. Re1 Qd7 20. Ng5 Bxg2 21. Kxg2 h6 (21... Ng4 22. Nxf5 Bf6 23. Ne7+ Kg7 24.
d4 $16) 22. Nge6 Nxe6 (22... Be7 23. Nf4 Kf7 24. f3 $11) 23. Nxe6 $16 (23. Rxe6
$2 23... c5 $19) 23... Be7 $2 (23... Kf7 $16 $142) 24. Nf4 $18 24... Kf7 (24...
c6 25. Re6 Kh7 26. Rxf6 Bxf6 27. Qxf6 Rg8 28. Nxg6 Qg7 29. Qxg7+ Rxg7 30. Nf8+
Kg8 31. Bxg7 31... Kxg7 $18) 25. Nd5 (25. Nd5 Nh5 26. Rxe7+ Qxe7 27. Nxe7 Kxe7
28. Qd2 $18) 1-0

[Event "Bad Woerishofen op"]
[Site "Bad Woerishofen"]
[Date "2001.??.??"]
[Round "5"]
[White "van Hoolandt, Patrick"]
[Black "Fuchs, Heinz"]
[Result "0-1"]
[WhiteElo "2211"]
[BlackElo "2328"]
[Annotator "ChessOrg"]
[PlyCount "116"]
[EventDate "1998.03.05"]
[Source "ChessBase"]
[SourceDate "1998.04.29"]

1. c4 {A26: Englische Eroeffnung (Sizilianisch im Anzug)} 1... Nf6 2. g3 g6 3.
Bg2 Bg7 4. Nc3 O-O 5. Nf3 d6 6. O-O Nc6 7. d3 e5 8. Rb1 a5 9. a3 h6 10. b4 axb4
11. axb4 Be6 12. b5 Ne7 13. Bb2 Rb8 14. Qc2 Nd7 15. Nd2 f5 16. Nd5 g5 17. Ra1 {
letzter Buchzug} 17... Nc8 18. Bc3 Rf7 19. Ba5 Nc5 20. Nb3 (20. Ra3 20... f4
$14) 20... f4 21. b6 (21. Nxc5 dxc5 22. Ra3 22... g4 $14) 21... c6 22. Nxc5
dxc5 23. Nc3 g4 (23... Nd6 $5 $11) 24. Ne4 $14 24... Qe7 (24... Nxb6 $4 25.
Nxc5 Bxc4 26. dxc4 $18) 25. Qb2 Nd6 26. Bc3 (26. Bh1 Nxe4 27. Bxe4 27... Bf5
$14) 26... f3 27. exf3 gxf3 28. Bh1 Nxe4 29. dxe4 Bxc4 30. Rfe1 Be2 31. Ra7 Qd6
32. Qa2 (32. Rxe2 $143 32... fxe2 33. Qxe2 33... Rbf8 $19) 32... c4 33. Qb2 (
33. Rxe2 $143 33... fxe2 34. Qxe2 34... Rbf8 $19) 33... Rd7 34. h3 h5 35. Kh2 (
35. Rxe2 fxe2 36. Qxe2 Qd1+ 37. Qxd1 Rxd1+ 38. Kg2 38... Rb1 $19) 35... Qc5 36.
Kg1 h4 (36... Qb5 37. Ra5 Qxb2 38. Bxb2 $17) 37. g4 (37. Ra5 37... Qe7 $11)
37... Rd3 38. Ra5 Qe7 (38... Qd6 $5 $15) 39. Bxe5 $11 39... Rbd8 40. Bxg7 Qxg7
41. Qxg7+ Kxg7 42. Rg5+ Kf6 43. Rf5+ Ke6 44. Kh2 Bd1 45. Rc5 c3 46. Rxd1 Rxd1
47. Rxc3 R8d3 (47... R1d3 $5 $142 48. Rc1 48... R8d4 $19) 48. Bxf3 $17 48...
Rxc3 49. Bxd1 Ke5 50. g5 Rd3 51. Bg4 Rd8 52. Bf5 (52. Kg2 $5 52... Kxe4 53. Be6
$17) 52... c5 $19 53. Kg2 Kf4 54. Be6 Rd6 55. Bf7 (55. Bg8 Rxb6 56. Bd5 56...
Kxg5 $19) 55... Kxg5 56. e5 Rxb6 57. f4+ (57. Bd5 57... Rb1 $19) 57... Kf5 58.
Kf3 (58. Bd5 Rg6+ 59. Kf1 59... b6 $19) 58... Rb4 (58... Rb4 59. Bd5 Rxf4+ 60.
Ke3 60... b6 $19 (60... Kxe5 $143 61. Bxb7 c4 62. Kd2 $19)) 0-1

[Event "Bad Woerishofen op"]
[Site "Bad Woerishofen"]
[Date "2001.??.??"]
[Round "7"]
[White "van Hoolandt, Patrick"]
[Black "Heinig, Wolfram"]
[Result "0-1"]
[WhiteElo "2211"]
[BlackElo "2302"]
[Annotator "ChessOrg"]
[PlyCount "80"]
[EventDate "1998.03.05"]
[Source "ChessBase"]
[SourceDate "1998.04.29"]

1. c4 {A24: Englische Eroeffnung} 1... Nf6 2. Nc3 g6 3. Nf3 Bg7 4. g3 O-O 5.
Bg2 d6 6. O-O e5 7. d3 Re8 8. Rb1 c6 9. b4 9... d5 {letzter Buchzug} 10. cxd5
cxd5 11. Bg5 h6 12. Bxf6 Bxf6 13. Qc1 Bg7 14. Nd2 Be6 15. Nb3 b6 16. Rd1 Nc6
17. b5 Nd4 18. Nxd4 (18. Qb2 $5 $15) 18... exd4 $17 19. Na4 Rc8 20. Qd2 Qd7 21.
Rdc1 h5 (21... Rxc1+ 22. Qxc1 Bg4 23. e3 $17) 22. e4 (22. Qb2 $5 $15) 22...
dxe3 $17 23. Qxe3 Kh7 24. Rxc8 Rxc8 25. Qd2 Bf5 (25... Qc7 26. a3 $17) 26. Bf3
Bh3 27. Qd1 Qf5 28. Bg2 Bg4 29. f3 Bd4+ 30. Kh1 Bh3 31. Bxh3 Qxh3 32. Rb4 $4 (
32. Qd2 h4 33. Qf4 hxg3 34. Qxg3 34... Qf5 $19) 32... Be3 (32... Rc2 $1 33. Qg1
Bxg1 34. Kxg1 Qg2#) 33. Rb1 $17 33... h4 34. gxh4 (34. Qf1 Qxf1+ 35. Rxf1 35...
h3 $19) 34... Bf4 (34... Bf2 35. Qf1 Qxf3+ 36. Qg2 $19) 35. Qe2 35... Re8 $1
36. Qg2 Qxh4 37. Rf1 Re1 38. Kg1 (38. h3 Rxf1+ 39. Qxf1 $19) 38... Bxh2+ $1 39.
Kh1 (39. Qxh2 39... Rxf1+ $19) 39... Rxf1+ 40. Qxf1 Bg3+ (40... Bg3+ 41. Qh3
Qxh3+ 42. Kg1 Qh2+ 43. Kf1 Qf2#) (40... Be5+ 41. Qh3 Qxh3+ 42. Kg1 Bd4#) 0-1

[Event "Bad Woerishofen op"]
[Site "Bad Woerishofen"]
[Date "2001.??.??"]
[Round "9"]
[White "van Hoolandt, Patrick"]
[Black "Gossmann, Ewald"]
[Result "1-0"]
[WhiteElo "2211"]
[BlackElo "2014"]
[Annotator "ChessOrg"]
[PlyCount "75"]
[EventDate "1998.03.05"]
[Source "ChessBase"]
[SourceDate "1998.04.29"]

1. c4 {A21: Englische Eroeffnung} 1... g6 2. Nc3 Bg7 3. g3 e5 4. Bg2 d6 5. d3
f5 6. e3 Nf6 7. Nge2 c6 8. b4 {letzter Buchzug} 8... Be6 9. b5 O-O 10. bxc6
bxc6 11. Ba3 Re8 12. O-O d5 13. Qa4 Bf8 (13... d4 14. exd4 exd4 15. Nd1 $11)
14. Bxf8 $14 14... Kxf8 15. cxd5 cxd5 16. Rab1 Qc8 17. Nb5 Qd7 18. Rfc1 Nc6 19.
Qa3+ Kg8 20. Qc5 (20. Qd6 20... Rec8 $16) 20... Ne7 (20... Rec8 $5 $14) 21. Nc7
Rec8 22. Rb7 Ne8 23. Qa5 (23. Nxd5 Rxc5 24. Nxe7+ Qxe7 25. Rxe7 Rxc1+ 26. Nxc1
26... Rc8 $16) 23... Rxc7 24. Rbxc7 Nxc7 25. Rxc7 Qd6 26. Rxa7 Rxa7 27. Qxa7
Qb4 28. Nc3 (28. Qc7 $5 $142 28... e4 29. Nf4 $16) 28... Kf7 $11 29. Qc7 d4 30.
Ne2 (30. exd4 exd4 31. Ne2 Qb1+ 32. Bf1 32... Qxd3 $14) 30... Qe1+ (30... Qd2
$5 $142 31. Bf1 dxe3 (31... Qxd3 $2 32. Nxd4 Qa3 33. Qxe5 Qxa2 34. Qh8 $18) 32.
Qxe5 exf2+ 33. Kxf2 33... Bxa2 $11 (33... Qxd3 34. Qxe6+ Kxe6 35. Nf4+ Kd6 36.
Nxd3 $18)) 31. Bf1 $16 31... f4 32. gxf4 (32. Qxe5 Bh3 33. Qxf4+ Kg8 34. Qb8+
Nc8 35. Qxc8+ 35... Bxc8 $19) 32... Bh3 (32... Bg4 $5 33. Qc1 Qxc1 34. Nxc1
exf4 35. exf4 35... Bd1 $16) 33. Qc1 $18 33... Qxc1 34. Nxc1 Bxf1 35. Kxf1 exf4
36. Ke2 fxe3 37. fxe3 dxe3 38. Kxe3 (38. Kxe3 Ke6 39. Kd4 $18) 1-0

[Event "Bad Woerishofen op"]
[Site "Bad Woerishofen"]
[Date "2001.??.??"]
[Round "2"]
[White "von Saldern, Ruediger"]
[Black "Kistella, Irena"]
[Result "1/2-1/2"]
[WhiteElo "2148"]
[BlackElo "1670"]
[Annotator "ChessOrg"]
[PlyCount "56"]
[EventDate "1998.03.05"]
[Source "ChessBase"]
[SourceDate "1998.04.29"]

1. d4 {
D55: Damengambit (Hauptvariante, Abweichungen - Alte Lasker-Variante, etc.)}
1... d5 2. c4 Nf6 3. Nc3 e6 4. Bg5 Be7 5. e3 O-O 6. Nf3 b6 7. Rc1 Bb7 8. Bxf6 {
letzter Buchzug} 8... Bxf6 9. cxd5 Bxd5 (9... exd5 10. Bd3 $14) 10. Bd3 Bb7 11.
O-O Nd7 12. e4 c5 13. e5 Be7 14. Re1 (14. Be4 Bxe4 15. Nxe4 15... Qc7 $11)
14... cxd4 15. Nxd4 Bg5 16. Rc2 Bf4 (16... Nc5 17. Be4 $11) 17. Rce2 (17. Be4
Nc5 18. Bxb7 18... Nxb7 $14) 17... Qg5 (17... Nc5 18. Bc4 $15) 18. Be4 $11
18... Bxe4 19. Rxe4 Nc5 (19... Nxe5 $143 20. g3 Ng6 21. h4 $16) 20. Nf3 Qf5 21.
Rd4 Bg5 (21... f6 $5 22. exf6 22... Qxf6 $14) 22. b4 $16 22... Nb7 23. Nxg5
Qxg5 24. Qf3 (24. Ne4 Qxe5 25. Nd6 Qxd4 26. Qxd4 26... Rfd8 $14) 24... Rac8 25.
Ne4 (25. Rd7 $5 $14) 25... Qxe5 $11 26. Qd1 (26. Rd7 $5 26... f5 27. Qh5 $15)
26... Rc1 $17 27. Qxc1 Qxd4 28. a3 Nd6 1/2-1/2

[Event "Bad Woerishofen op"]
[Site "Bad Woerishofen"]
[Date "2001.??.??"]
[Round "4"]
[White "von Saldern, Ruediger"]
[Black "Wendel, Stephan"]
[Result "0-1"]
[WhiteElo "2148"]
[BlackElo "2217"]
[Annotator "ChessOrg"]
[PlyCount "50"]
[EventDate "1998.03.05"]
[Source "ChessBase"]
[SourceDate "1998.04.29"]

1. d4 {D18: Damengambit (Slawische Verteidigung, Hauptvariante)} 1... d5 2. c4
c6 3. Nc3 Nf6 4. Nf3 dxc4 5. a4 Bf5 6. e3 e6 7. Bxc4 Bb4 8. O-O O-O 9. Ne2 Nbd7
10. Ng3 Bg6 11. Nh4 11... e5 {letzter Buchzug} 12. Nxg6 hxg6 13. Qb3 Qe7 14.
Bd3 Kh7 15. a5 Rab8 16. Ra4 Bd6 17. Bb1 e4 18. Qc2 Rbe8 19. Rc4 a6 20. Bd2 Ng4
21. h3 (21. Qb3 $5 $142 21... Qh4 22. h3 Nxf2 23. Ne2 $11 (23. Qxb7 $4 23...
Nxh3+ 24. Kh1 Bxg3 25. Qxd7 Nf2+ 26. Kg1 Qh1#)) 21... Nxf2 $15 22. Kxf2 Qh4 23.
Be1 $2 (23. Ke2 $142 23... Qxg3 24. Rg1 $17) 23... Qxg3+ $19 (23... Bxg3+ $143
24. Ke2 Qh5+ 25. Kd2 Qxa5+ 26. Kd1 Qh5+ 27. Kc1 $19) 24. Ke2 Qxg2+ 25. Kd1 $4 (
25. Bf2 $19) 25... Qxf1 (25... Qxf1 26. Qe2 26... Qxh3 $19) 0-1

[Event "Bad Woerishofen op"]
[Site "Bad Woerishofen"]
[Date "2001.??.??"]
[Round "6"]
[White "von Saldern, Ruediger"]
[Black "Neumann, Peter"]
[Result "1/2-1/2"]
[WhiteElo "2148"]
[BlackElo "1769"]
[Annotator "ChessOrg"]
[PlyCount "51"]
[EventDate "1998.03.05"]
[Source "ChessBase"]
[SourceDate "1998.04.29"]

1. d4 {D03: Damenbauernspiele} 1... Nf6 2. Nf3 g6 3. Bg5 Bg7 4. Nbd2 d5 5. e3
O-O 6. Bd3 Nbd7 7. O-O c6 8. e4 {letzter Buchzug} 8... dxe4 9. Nxe4 Nxe4 10.
Bxe4 Nf6 11. Bd3 Bg4 12. c3 (12. Re1 12... Qb6 $11) 12... Qd5 $15 13. Bh4 Bxf3
14. gxf3 (14. Qxf3 Qxf3 15. gxf3 15... Rfd8 $15) 14... Rad8 (14... c5 $5 $17)
15. Re1 $15 15... e6 16. Re5 Qd7 17. Qc2 Rc8 18. Rd1 Nd5 19. Re4 Bh6 20. Rg4 f5
21. Rg3 Rf7 22. Bg5 Bxg5 23. Rxg5 Nf4 24. Rg3 Nh5 25. Rh3 Nf4 26. Rg3 1/2-1/2